Resource mobilisation and expenditure planning in the provinces (Record no. 584728)
[ view plain ]
| 000 -LEADER | |
|---|---|
| fixed length control field | 00497nam a22001697a 4500 |
| 003 - CONTROL NUMBER IDENTIFIER | |
| control field | CEME |
| 005 - DATE AND TIME OF LATEST TRANSACTION | |
| control field | 20210628210518.0 |
| 008 - FIXED-LENGTH DATA ELEMENTS--GENERAL INFORMATION | |
| fixed length control field | 210201b xxu||||| |||| 00| 0 eng d |
| 040 ## - CATALOGING SOURCE | |
| Transcribing agency | . |
| 082 ## - DEWEY DECIMAL CLASSIFICATION NUMBER | |
| Classification number | 954.91 RES |
| 100 ## - MAIN ENTRY--PERSONAL NAME | |
| Personal name | Hafiz A.Pasha |
| 9 (RLIN) | 79726 |
| 245 ## - TITLE STATEMENT | |
| Title | Resource mobilisation and expenditure planning in the provinces |
| 260 ## - PUBLICATION, DISTRIBUTION, ETC. | |
| Place of publication, distribution, etc. | LAHORE |
| Name of publisher, distributor, etc. | SOCITY GROUP |
| Date of publication, distribution, etc. | 1996 |
| 300 ## - PHYSICAL DESCRIPTION | |
| Extent | XII,195P |
| 650 ## - SUBJECT ADDED ENTRY--TOPICAL TERM | |
| Topical term or geographic name entry element | RESOURCE MOBILISATION AND EXPENDITURE PLANNING IN THE PROVINCES |
| 9 (RLIN) | 79727 |
| 942 ## - ADDED ENTRY ELEMENTS (KOHA) | |
| Koha item type | Book |
| Source of classification or shelving scheme | |
| Withdrawn status | Lost status | Damaged status | Not for loan | Permanent Location | Current Location | Shelving location | Date acquired | Total Checkouts | Full call number | Barcode | Date last seen | Price effective from | Koha item type |
|---|---|---|---|---|---|---|---|---|---|---|---|---|---|
| College of Electrical & Mechanical Engineering (CEME) | College of Electrical & Mechanical Engineering (CEME) | General Stacks | 03/08/2017 | 954.91 RES | CEME-39789 | 06/28/2021 | 06/28/2021 | Book |
